Statistics for Random 2000's Artists By Song #4

Click here to take the quiz!

General Stats

  • This quiz has been taken 36 times
  • The average score is 8 of 15

Answer Stats

Song TitleArtist% Correct
ToxicBritney Spears
100%
The Real Slim ShadyEminem
91%
American IdiotGreen Day
81%
Back To BlackAmy Winehouse
75%
In Da Club50 Cent
72%
ClocksColdplay
69%
Yeah!Usher
66%
99 ProblemsJay-Z
59%
StrongerKanye West
47%
Chop Suey
System Of A Down
41%
Clint EastwoodGorillaz
38%
The MiddleJimmy Eat World
28%
She Hates MePuddle Of Mudd
19%
Still WaitingSum 41
13%
Cherry Blossom GirlAir
3%

Score Distribution

Percentile by Number Answered

Percent of People with Each Score

Your Score History

You have not taken this quiz